TV Christmas Episodes Quiz Stats

 Plays Quiz not verified by Sporcle

Challenge
Share
Tweet
Embed
Score 0/20 Timer 10:00
0 Plays Today
Episode Series % Correct
A Very Brady ChristmasThe Brady Bunch
92.3%
A Very Tanner ChristmasFull House
78.8%
It's a Bundyful LifeMarried... with Children
69.7%
A Very Topanga ChristmasBoy Meets World
69.5%
The One with Christmas in TulsaFriends
65.9%
Mr. Hankey, the Christmas PooSouth Park
65.9%
Christmas Day at the Bunker'sAll in the Family
60.5%
Have Yourself a Very Winslow ChristmasFamily Matters
56.4%
Miracle on Evergreen TerraceThe Simpsons
45.4%
A Very Special ****** *** Freakin' ChristmasFamily Guy
41.1%
Episode Series % Correct
Christmas at the TiptonThe Suite Life of Zack and Cody
40.5%
A Ranger's ChristmasWalker, Texas Ranger
37.3%
LexmasSmallville
36.2%
A Benihana ChristmasThe Office
30.8%
Silent KnightKnight Rider
26.2%
A Bionic Christmas CarolThe Six Million Dollar Man
24.9%
My Best MomentScrubs
21.8%
Mary, Joseph and LarryCurb Your Enthusiasm
13.1%
Cybernetic Ghost of Christmas Past from the FutureAqua Teen Hunger Force
7.6%
A Huey Freeman ChristmasThe Boondocks
7.2%

You're not logged in!

Compare scores with friends on all Sporcle quizzes.
Join for Free
OR
Log In

You Might Also Like...

Show Comments

Extras

Top Quizzes Today


Score Distribution

Your Account Isn't Verified!

In order to create a playlist on Sporcle, you need to verify the email address you used during registration. Go to your Sporcle Settings to finish the process.

Report this User

Report this user for behavior that violates our Community Guidelines.

Details: